Việt Nam đánh giá tổng quan ngành thủy lợi (Tài liệu chính)

Na minha lista:
Detalhes bibliográficos
Formato: Livro
Idioma:Undetermined
Publicado em: 1996
Assuntos:
Tags: Adicionar Tag
Sem tags, seja o primeiro a adicionar uma tag!
Thư viện lưu trữ: Trung tâm Học liệu Trường Đại học Cần Thơ
LEADER 00489nam a2200157Ia 4500
001 CTU_29233
008 210402s9999 xx 000 0 und d
082 |a 333.913 
082 |b V308 
245 0 |a Việt Nam đánh giá tổng quan ngành thủy lợi (Tài liệu chính) 
245 0 |c W Cuddihy...[et al.] 
260 |c 1996 
650 |a Irrigation farming 
650 |x Economic aspects 
904 |i Minh, 990315 
980 |a Trung tâm Học liệu Trường Đại học Cần Thơ